What Movie? Actor Pairings Quiz Stats

 Plays Quiz Updated Feb 27, 2019

Score 0/45 Timer 08:00
1 Play Today
Stars Movie % Correct
Brad PittFight Club
70.7%
Johnny DeppPirates of the Caribbean
69.9%
Russell CroweGladiator
65.3%
Robert De NiroGoodfellas/Cop Land
63.1%
Tom CruiseJerry Maguire
62.2%
Leonardo DiCaprioThe Departed
57.2%
Christian BaleBatman Begins
54.9%
Denzel WashingtonTraining Day
52.8%
Denzel WashingtonPhiladelphia
49.6%
Tom CruiseA Few Good Men
49.5%
Leonardo DiCaprioInception
46.4%
Leonardo DiCaprioWhat's Eating Gilbert Grape
46.4%
Brad PittInterview with the Vampire: The Vampire Chronicles
46.1%
Tom CruiseCollateral
45.4%
Robert De NiroCasino
43.7%
Brad PittTwelve Monkeys
42.4%
Christian BaleThe Fighter
40.9%
Christian BaleThe Prestige
38.4%
Tom HanksCast Away
36.8%
Robert De NiroThe Deer Hunter
34.7%
Russell CroweA Beautiful Mind
33.2%
Brad PittSnatch
32.2%
Tom CruiseTropic Thunder
30.6%
Stars Movie % Correct
Tom HanksA League of Their Own
29.5%
Johnny DeppFinding Neverland
28.8%
Tom HanksSaving Private Ryan
28.6%
Denzel WashingtonThe Bone Collector
28.1%
Johnny DeppDonnie Brasco
26.5%
Denzel WashingtonInside Man
26.1%
Christian BaleAmerican Psycho
26.1%
Tom CruiseMinority Report
24%
Tom HanksRoad to Perdition
23.6%
Russell CroweL.A. Confidential
22.3%
Denzel WashingtonCrimson Tide
21.2%
Leonardo DiCaprioBlood Diamond
20.8%
Robert De NiroAwakenings
20.5%
Johnny DeppFear and Loathing in Las Vegas
19.6%
Russell CroweThe Insider
16.6%
Brad PittSleepers
15.7%
Tom HanksThe Green Mile
14%
Christian BaleEmpire of the Sun
12.3%
Leonardo DiCaprioMarvin's Room
11%
Johnny DeppEd Wood
10.5%
Robert De NiroStardust
9%
Russell CroweThe Next Three Days
8.8%

You're not logged in!

Compare scores with friends on all Sporcle quizzes.
OR
Log In

Sporcle TV

Today on Sporcle TV


Watch our educational content, quiz creation guides, and fun videos on Sporcle TV.

Show Comments

Extras

Top Quizzes Today


Score Distribution

Your Account Isn't Verified!

In order to create a playlist on Sporcle, you need to verify the email address you used during registration. Go to your Sporcle Settings to finish the process.

Report this User

Report this user for behavior that violates our Community Guidelines.

Details: